=LDR 00000nam 2200000 4500 =001 NUTBA000000000002226 =005 20140609152337.0 =006 =007 =008 =020 ##$$a 978-979-027-234-0 =035 ##$$a 0010-061400000000169 =040 ##$$a NBPDMAT =082 ##$$a 621.313 =090 ##$$a 621.313 $b Sud r =100 ##$$a Sudjono =245 ##$$a Reparasi motor bensin dan diesel / $c Soedjono =260 ##$$a Bandung : $b Angkasa, $c 2008 =300 ##$$a v, 111 hlm. : $b ilus. ; $c 21 cm. =650 ##$$a Reparasi Motor =850 ##$$a NBPDMAT =990 ##$$a 21401097